Stát jsem já

Korporativní autor: Národní divadlo v Praze. Činohra
Další autoři: Macaigne, Vincent, 1978-, Bartoš, Zdeněk, 1975-, Stavovské divadlo
Jazyk: Italština
Latina
Čeština
Angličtina
Vydáno: Praha : Národní divadlo, [2020]
Témata:
Fyzický popis: 198 stran, 16 nečíslovaných stran obrazových příloh : ilustrace (některé barevné), portréty ; 16 cm + programy k 1. a 2. premiéře (4; 4 nečíslované strany ; 15 x 11 cm)
Language note: Částečně anglický, italský a latinský text
Knihy
Uloženo v:
LEADER 02827nam a2200709 i 4500
001 nkc20213307668
003 CZ PrNK
005 20211122104047.0
007 ta
008 210212t20202020xr acf e 000 ddcze
020 |a 978-80-7258-724-7  |q (brožováno) 
040 |a BOA001  |b cze  |d ABA001  |e rda 
041 1 |a cze  |a eng  |a ita  |a lat  |h fre 
043 |a e-xr---  |b e-xr-pg  |2 czenas 
045 |a y2y2 
072 7 |a 792  |x Divadlo. Divadelní představení  |2 Konspekt  |9 3 
080 |a 821.133.1-2  |2 MRF 
080 |a 792.2  |2 MRF 
080 |a (437.311)  |2 MRF 
080 |a (083.97)  |2 MRF 
080 |a (0:82-2)  |2 MRF 
245 0 0 |a Stát jsem já 
246 1 4 |a Macaigne, Stát jsem já 
246 1 8 |a Vincent Macaigne: Stát jsem já 
264 1 |a Praha :  |b Národní divadlo,  |c [2020] 
264 4 |c ©2020 
300 |a 198 stran, 16 nečíslovaných stran obrazových příloh :  |b ilustrace (některé barevné), portréty ;  |c 16 cm +  |e programy k 1. a 2. premiéře (4; 4 nečíslované strany ; 15 x 11 cm) 
336 |a text  |b txt  |2 rdacontent 
337 |a bez média  |b n  |2 rdamedia 
338 |a svazek  |b nc  |2 rdacarrier 
500 |a "České premiéry: 12. a 13. března 2020 ve Stavovském divadle"--Strana 5 
500 |a Částečně přeloženo z francouzštiny 
500 |a Nad názvem: Národní divadlo, pod názvem: Činohra 
500 |a Na hřbetu označení: Činohra ND 2019-2020 
504 |a Obsahuje bibliografické odkazy 
505 2 |a Stát jsem já / Vincent Macaigne ; přeložil Zdeněk Bartoš 
546 |a Částečně anglický, italský a latinský text 
610 2 7 |a Stavovské divadlo  |7 kn20010724562  |2 czenas 
648 7 |a 2017  |7 ch1095534  |2 czenas 
648 7 |a 21. století  |7 ch460559  |2 czenas 
648 7 |a 2020  |7 ch1076231  |2 czenas 
648 7 |a 2011-2020  |7 ch460589  |2 czenas 
650 0 7 |a francouzské drama  |7 ph120369  |y 21. století  |2 czenas 
650 0 7 |a činohry  |7 ph128179  |z Česko  |y 2011-2020  |2 czenas 
650 0 9 |a French drama  |y 21st century  |2 eczenas 
650 0 9 |a drama stages  |z Czechia  |y 2011-2020  |2 eczenas 
651 7 |a Praha (Česko)  |7 ge118011  |2 czenas 
651 9 |a Prague (Czechia)  |2 eczenas 
655 7 |a divadelní programy  |7 fd132033  |2 czenas 
655 7 |a francouzská dramata  |7 fd132283  |2 czenas 
655 9 |a playbills  |2 eczenas 
655 9 |a French drama  |2 eczenas 
700 1 2 |a Macaigne, Vincent,  |d 1978-  |t Je suis un pays.  |l Česky 
700 1 |a Bartoš, Zdeněk,  |d 1975-  |7 js20060519029  |4 trl 
710 2 |a Národní divadlo v Praze.  |b Činohra  |7 kn20010709462  |4 isb 
710 2 |a Stavovské divadlo  |7 kn20010724562  |4 orm 
910 2 |a BOA001  |b 1-1460.873 
928 9 |a Národní divadlo v Praze 
990 |a BK 
995 |a 11 
991 |b 202105  |c NOV 
996 6 |b 2610858056  |c 1-1460.873  |l MZK  |r Sklad / do 1 hodiny  |n 0  |p p.v.  |w 001844461  |u 000010  |a 1  |e BOA001  |j MZK50  |s P